| 000 | 00630nam a2200241Ia 4500 | ||
|---|---|---|---|
| 003 | OSt | ||
| 005 | 20220918203139.0 | ||
| 006 | a|||||r|||| 00| 0 | ||
| 007 | ta | ||
| 008 | 220917b |||||||| |||| 00| 0 eng d | ||
| 024 | _a106,326 | ||
| 037 | _cTextual | ||
| 040 |
_aARTS _cARTS _beng |
||
| 041 |
_2eng _aeng |
||
| 082 | _aV3:26:N3, H5 | ||
| 100 |
_aShelley A N C _9107027 |
||
| 245 | 0 | _aCouncillor | |
| 260 | _c1945 | ||
| 490 | _aDiscussion books series, ed by Richard wilson and A J J Ratcliff,; 24 | ||
| 650 | _aHISTORY | ||
| 942 |
_hV3:26:N3, H5 _cTEXL _2CC |
||
| 999 |
_c229684 _d229684 |
||